Фрагмент воспоминаний адмирала С. Г. Кучерова о Потсдамской конференции союзников в июле 1945 года (о вопросе раздела трофейного...

RUSMARC
00005009cim0a2200349#x 450
00111ba241d-5324-46b9-8dec-0cdd5b6f64c4
00520250822144333.0
100##$a20250822d1972####k###0rusy50 ca
1010#$arus
102##$aRU
1222#$ad19450717##
$ad19450802##
125##$bn#
127##$a000450
135##$ahrnnannnannun
139##$auaz#
$xwma
2001#$aФрагмент воспоминаний адмирала С. Г. Кучерова о Потсдамской конференции союзников в июле 1945 года (о вопросе раздела трофейного немецкого флота)
$j1972 г.
251##$cДокумент
300##$aЗвукозапись
300##$aВремя звучания: 04 мин. 50 сек.
461#0$12001
$aФ. 1
$1251
$cФонд
$1852
$j1
600#1$2prlib_sh
$3LIBNET\UAF\0000117932
$aКучеров
$bС. Г.
$gСтепан Григорьевич
$f1902-1973
$jЗвукозаписи
60112$2prlib_sh
$3LIBNET\UAF\0000087052
$aКонференция трех держав - СССР, США и Великобритании
$f1945
$eБерлин, город; Германия
$jЗвукозаписи
605##$2prlib_sh
$3LIBNET\UAF\0000088514
$aВторая мировая война в архивных документах (Комплекс оцифрованных архивных документов, кино- и фотоматериалов)
$lколлекция
605##$2acquisition_Prlib
$3DITM\AF\0000000338
$aПамять о Великой Победе
$lколлекция
605##$2acquisition_Prlib
$3DITM\AF\0000002775
$aВласть
$lколлекция
605##$2acquisition_Prlib
$3DITM\AF\0000003834
$aНарод
$lколлекция
686##$a63.3(2)622,13я04
$vLBC/M
$2rubbk
801#0$aRU
$bПБ им. Б.Н. Ельцина
$c20250822
801#1$aRU
$bПБ им. Б.Н. Ельцина
$c20250822
$2rusmarc
801#2$aRU
$bПБ им. Б.Н. Ельцина
$c20250822
$2rusmarc
850##$aРоссийский государственный архив кинофотофонодокументов
852##$aРГАКФФД
$j№ 5817 (1-2)
035##$aLIBNET\0001493871
937##$d197982822
$hФедеральное архивное агентство
8564#$uhttp://readingroom.main.prlib.ru/item.aspx?id_node=n197982822&mode=full
Формат отображения